[Event "Reykjavik Open 2009"]
[Site "Reykjavik"]
[Date "2009.03.28"]
[Round "5.26"]
[White "Thorfinnsson, Bragi"]
[Black "Bjornsson, Sverrir Orn"]
[Result "1-0"]
[WhiteElo "2383"]
[BlackElo "2161"]
[PlyCount "57"]
[EventDate "2009.03.24"]

1. e4 c5 2. Nf3 Nc6 3. Bb5 d6 4. O-O Bd7 5. Re1 a6 6. Bf1 Bg4 7. h3 Bxf3 8.
Qxf3 g6 9. c3 Bg7 10. Na3 Nf6 11. Nc2 Nd7 12. Qd1 O-O 13. d4 cxd4 14. cxd4 e5
15. d5 Nd4 16. Nxd4 exd4 17. b3 Rc8 18. Bb2 Qb6 19. Qd2 f5 20. exf5 Rxf5 21.
Re7 Ne5 22. Rxg7+ Kxg7 23. Bxd4 Qd8 24. f4 Qh4 25. fxe5 dxe5 26. Bf2 Qe4 27.
Rd1 Qc2 28. Qxc2 Rxc2 29. Bb6 1-0

[Event "Reykjavik Open 2009"]
[Site "Reykjavik"]
[Date "2009.03.28"]
[Round "5.27"]
[White "Cori, Jorge"]
[Black "Berg, Runar"]
[Result "1-0"]
[WhiteElo "2370"]
[BlackElo "2130"]
[PlyCount "87"]
[EventDate "2009.03.24"]

1. e4 e5 2. Nf3 Nc6 3. Nc3 Nf6 4. g3 d5 5. exd5 Nxd5 6. Bg2 Nxc3 7. bxc3 Bc5 8.
O-O O-O 9. d3 Bg4 10. h3 Bh5 11. Qe1 Re8 12. Ng5 Qd7 13. g4 Bg6 14. Ne4 Bb6 15.
Ng3 Rab8 16. Kh1 Qd8 17. Be3 Nd4 18. Qd2 Ne6 19. Kh2 c6 20. Be4 Bxe4 21. Nxe4
Nf4 22. Bxf4 exf4 23. Qe2 Bc7 24. Qf3 Re6 25. Rfe1 Qe7 26. Kg2 Re8 27. Re2 h6
28. Rae1 g6 29. h4 f5 30. gxf5 gxf5 31. Ng3 Qf7 32. Rxe6 Rxe6 33. Rxe6 Qxe6 34.
Ne2 Qe5 35. Qh5 f3+ 36. Qxf3 Qh2+ 37. Kf1 Qxh4 38. Qxf5 Qh1+ 39. Ng1 Bh2 40.
Qg6+ Kf8 41. Qxh6+ Ke7 42. Qg7+ Kd6 43. Qg2 Qxg2+ 44. Kxg2 1-0

[Event "Reykjavik Open 2009"]
[Site "Reykjavik"]
[Date "2009.03.28"]
[Round "5.28"]
[White "Kjartansson, Gudmundur"]
[Black "Thorsteinsson, Erlingur"]
[Result "1-0"]
[WhiteElo "2365"]
[BlackElo "2130"]
[PlyCount "81"]
[EventDate "2009.03.24"]

1. Nf3 d6 2. d4 Nf6 3. c4 Bf5 4. Nc3 h6 5. d5 e5 6. dxe6 Bxe6 7. Nd4 Bd7 8. g3
Nc6 9. Bg2 g6 10. c5 Nxd4 11. Qxd4 Bc6 12. Bxc6+ bxc6 13. Ne4 Bg7 14. cxd6 O-O
15. Bxh6 Re8 16. Bxg7 Nxe4 17. dxc7 Qxc7 18. Bh6 f5 19. Qc4+ Kh7 20. Bf4 Qg7
21. O-O g5 22. Be3 f4 23. Bd4 Qg6 24. Bc3 Nxc3 25. bxc3 Re4 26. Qc5 Rxe2 27.
Rad1 Rae8 28. Rd6 R8e6 29. Rd7+ Kg8 30. Rd8+ Re8 31. Rxe8+ Rxe8 32. Qxa7 Qf5
33. Qa6 Re6 34. Qc4 Kh7 35. Rd1 Kg6 36. a4 Kh5 37. a5 Re4 38. Qg8 Kg4 39. Qh8
Kf3 40. Qh5+ Qg4 41. Rd3+ 1-0

[Event "Reykjavik Open 2009"]
[Site "Reykjavik"]
[Date "2009.03.28"]
[Round "5.29"]
[White "Carlhammar, Magnus"]
[Black "Tratatovici, Dan"]
[Result "1-0"]
[WhiteElo "2350"]
[BlackElo "2122"]
[PlyCount "57"]
[EventDate "2009.03.24"]

1. Nf3 Nf6 2. c4 g6 3. Nc3 d5 4. Qa4+ Bd7 5. Qb3 dxc4 6. Qxc4 Bg7 7. e4 O-O 8.
e5 Be6 9. exf6 Bxc4 10. fxg7 Kxg7 11. Bxc4 Nc6 12. O-O a6 13. Bd5 Qd6 14. d4
Na5 15. a3 e6 16. Ba2 h6 17. Bd2 Nc6 18. Ne4 Qe7 19. Bc3 f6 20. Nc5 Nd8 21.
Rae1 b6 22. Nxe6+ Nxe6 23. Rxe6 Qd7 24. Rfe1 Rae8 25. d5 Rxe6 26. dxe6 Qd6 27.
h4 Re8 28. h5 c5 29. Nd2 1-0

[Event "Reykjavik Open 2009"]
[Site "Reykjavik"]
[Date "2009.03.28"]
[Round "5.30"]
[White "Andersen, Mads"]
[Black "Johannesson, Ingvar Thor"]
[Result "1-0"]
[WhiteElo "2190"]
[BlackElo "2345"]
[PlyCount "77"]
[EventDate "2009.03.24"]

1. e4 e6 2. d4 d5 3. Nc3 Bb4 4. e5 c5 5. a3 Bxc3+ 6. bxc3 Qa5 7. Bd2 Qa4 8. Qg4
g6 9. Qd1 b6 10. h4 Ba6 11. Bxa6 Nxa6 12. h5 cxd4 13. hxg6 fxg6 14. Qg4 Ne7 15.
cxd4 h5 16. Qh4 g5 17. Qxg5 Qxd4 18. c3 Qe4+ 19. Ne2 Nc5 20. Rh4 Qc2 21. Nd4
Qd3 22. Rh3 Qe4+ 23. Kf1 Kd7 24. Qe3 Qh7 25. a4 Nf5 26. Qe2 a6 27. Nxf5 Qxf5
28. Rf3 Qh7 29. Be3 Nb3 30. Rd1 Kc6 31. c4 d4 32. Bxd4 Nxd4 33. Rxd4 Rhd8 34.
Rfd3 Rxd4 35. Rxd4 Qb1+ 36. Rd1 Qb3 37. Qe4+ Kc5 38. Qd4+ Kb4 39. Qxb6+ 1-0

[Event "Reykjavik Open 2009"]
[Site "Reykjavik"]
[Date "2009.03.28"]
[Round "5.31"]
[White "Thorgeirsson, Sverrir"]
[Black "Lucaroni, Massimiliano"]
[Result "1/2-1/2"]
[WhiteElo "2094"]
[BlackElo "2310"]
[PlyCount "56"]
[EventDate "2009.03.24"]

1. d4 d5 2. Nf3 c5 3. e3 Nf6 4. dxc5 Qa5+ 5. Nbd2 Qxc5 6. a3 Bf5 7. c4 e6 8. b4
Qd6 9. cxd5 exd5 10. Bb2 Be7 11. Bb5+ Nbd7 12. Rc1 O-O 13. O-O Rac8 14. Nb3 Ne4
15. Bd4 a6 16. Be2 Bf6 17. Bxf6 Ndxf6 18. Nfd4 Bg6 19. Bf3 Nc3 20. Qd2 Nfe4 21.
Bxe4 Nxe4 22. Qb2 b6 23. f3 Nf6 24. Rxc8 Rxc8 25. Rc1 Qd7 26. Rc3 Ne8 27. Qc1
Nd6 28. Rxc8+ Qxc8 1/2-1/2

[Event "Reykjavik Open 2009"]
[Site "Reykjavik"]
[Date "2009.03.28"]
[Round "5.32"]
[White "Bergsson, Stefan"]
[Black "Cohen, Or"]
[Result "0-1"]
[WhiteElo "2079"]
[BlackElo "2286"]
[PlyCount "34"]
[EventDate "2009.03.24"]

1. e4 e5 2. d4 exd4 3. Qxd4 Nc6 4. Qe3 Nf6 5. Nc3 Be7 6. Bd2 d5 7. exd5 Nxd5 8.
Qg3 Ncb4 9. Bd3 O-O 10. Nge2 Nxd3+ 11. Qxd3 Nxc3 12. Qxd8 Rxd8 13. Bxc3 c5 14.
Ng3 b5 15. b3 b4 16. Bb2 Ba6 17. Rd1 Re8 0-1

[Event "Reykjavik Open 2009"]
[Site "Reykjavik"]
[Date "2009.03.28"]
[Round "5.33"]
[White "Cori T, Deysi"]
[Black "Arnalds, Stefan"]
[Result "1-0"]
[WhiteElo "2256"]
[BlackElo "1953"]
[PlyCount "69"]
[EventDate "2009.03.24"]

1. d4 Nf6 2. Nf3 g6 3. c4 Bg7 4. g3 O-O 5. Bg2 d6 6. Nc3 Nbd7 7. O-O c6 8. e4
e5 9. h3 Qe7 10. b3 a6 11. a4 exd4 12. Nxd4 c5 13. Nc2 Ne5 14. Bb2 Rb8 15. Re1
Re8 16. f4 Nc6 17. Qd2 Na5 18. e5 dxe5 19. fxe5 Nd7 20. Nd5 Qd8 21. Rad1 Nxe5
22. Qf2 Bf5 23. Nce3 Nd3 24. Nxf5 Nxf2 25. Rxe8+ Qxe8 26. Nde7+ Qxe7 27. Nxe7+
Kf8 28. Bxg7+ Kxg7 29. Kxf2 Nxb3 30. Rb1 Na5 31. Nc6 Nxc6 32. Bxc6 b6 33. a5 b5
34. cxb5 axb5 35. a6 1-0

[Event "Reykjavik Open 2009"]
[Site "Reykjavik"]
[Date "2009.03.28"]
[Round "5.34"]
[White "Eliasson, Kristjan Orn"]
[Black "Edvardsson, Kristjan"]
[Result "0-1"]
[WhiteElo "1940"]
[BlackElo "2253"]
[PlyCount "98"]
[EventDate "2009.03.24"]

1. e4 c5 2. Nf3 d6 3. d4 cxd4 4. Nxd4 Nf6 5. Nc3 a6 6. Bg5 e6 7. f4 Qc7 8. Qf3
b5 9. O-O-O b4 10. Nce2 Bb7 11. Ng3 Nbd7 12. Kb1 Rc8 13. Rc1 Qb6 14. Nb3 a5 15.
Bxf6 gxf6 16. c4 a4 17. Nd2 Bh6 18. Be2 Qd4 19. Rhd1 f5 20. Qf1 fxe4 21. Nf3
Qf6 22. Nh5 Qf5 23. g4 Qc5 24. Nd4 Bf8 25. g5 a3 26. b3 Rg8 27. Qh3 Be7 28. Bg4
Nf8 29. Nb5 Rd8 30. Nd4 Bc8 31. Rc2 Bd7 32. Re2 Bc6 33. Qe3 Bb7 34. Qd2 f5 35.
gxf6 Rxg4 36. Ng7+ Kf7 37. f5 Bxf6 38. Ngxe6 Nxe6 39. Nxe6 Qe5 40. Nxd8+ Ke8
41. Qd4 Kxd8 42. Qxd6+ Kc8 43. Qf8+ Kc7 44. Qf7+ Kb8 45. Qf8+ Ka7 46. Rde1 Qa1+
47. Kc2 Qxa2+ 48. Kc1 Bg5+ 49. Re3 Bxe3+ 0-1

[Event "Reykjavik Open 2009"]
[Site "Reykjavik"]
[Date "2009.03.28"]
[Round "5.35"]
[White "Perunovic, Miodrag"]
[Black "Benediktsson, Frimann"]
[Result "1-0"]
[WhiteElo "2439"]
[BlackElo "1939"]
[PlyCount "55"]
[EventDate "2009.03.24"]

1. d4 Nf6 2. Nf3 e6 3. c4 d5 4. Nc3 Be7 5. Bg5 O-O 6. e3 Nbd7 7. cxd5 exd5 8.
Bd3 c6 9. Qc2 Re8 10. O-O Nf8 11. Rab1 Ng6 12. b4 a6 13. a4 Be6 14. b5 cxb5 15.
axb5 Qd6 16. bxa6 bxa6 17. Na4 Nd7 18. Rfc1 a5 19. Bxe7 Qxe7 20. Rb7 Qd6 21.
Ng5 Ndf8 22. Rb6 Qe7 23. Nxe6 Nxe6 24. Rb5 Red8 25. Nb6 Ra7 26. Nc8 Qc7 27.
Nxa7 Qxa7 28. Qa2 1-0

[Event "Reykjavik Open 2009"]
[Site "Reykjavik"]
[Date "2009.03.28"]
[Round "5.36"]
[White "Hug, Marcel"]
[Black "Jonsson, Bjorn"]
[Result "1-0"]
[WhiteElo "2257"]
[BlackElo "2012"]
[PlyCount "55"]
[EventDate "2009.03.24"]

1. e4 c5 2. Nc3 Nc6 3. g3 g6 4. Bg2 Bg7 5. d3 e6 6. f4 d6 7. Nf3 Nge7 8. O-O
O-O 9. Be3 Nd4 10. e5 Nef5 11. Bf2 Nxf3+ 12. Qxf3 Nd4 13. Qd1 dxe5 14. fxe5
Bxe5 15. Ne4 f5 16. Nxc5 Qc7 17. b4 Rb8 18. c3 Nc6 19. d4 Bg7 20. Qb3 Nd8 21.
Be3 Kh8 22. Nd3 Nf7 23. Rae1 Bd7 24. Bf4 Nd6 25. Nc5 Rfe8 26. Nxe6 Bxe6 27.
Rxe6 Red8 28. Rfe1 1-0

[Event "Reykjavik Open 2009"]
[Site "Reykjavik"]
[Date "2009.03.28"]
[Round "5.38"]
[White "Vigfusson, Vigfus"]
[Black "Thorhallsson, Gylfi"]
[Result "1/2-1/2"]
[WhiteElo "2027"]
[BlackElo "2219"]
[PlyCount "24"]
[EventDate "2009.03.24"]

1. e4 e5 2. Nf3 Nc6 3. d4 exd4 4. Nxd4 Bc5 5. Be3 Qf6 6. c3 Nge7 7. Bc4 Ne5 8.
Be2 d6 9. O-O Qg6 10. Bh5 Qxe4 11. Nd2 Qh4 12. Be2 O-O 1/2-1/2

[Event "Reykjavik Open 2009"]
[Site "Reykjavik"]
[Date "2009.03.28"]
[Round "5.39"]
[White "Fridgeirsson, Dagur Andri"]
[Black "Naslund, Mikael"]
[Result "1-0"]
[WhiteElo "1787"]
[BlackElo "2195"]
[PlyCount "75"]
[EventDate "2009.03.24"]

1. d4 Nf6 2. c4 g6 3. Nc3 d5 4. Bf4 Bg7 5. Rc1 O-O 6. Nf3 dxc4 7. e4 Bg4 8.
Bxc4 Bxf3 9. gxf3 Nh5 10. Be3 e6 11. d5 exd5 12. Qxd5 Nc6 13. Qxd8 Raxd8 14.
Nd5 Nd4 15. Bxd4 Bxd4 16. O-O c6 17. Ne3 Bxb2 18. Rb1 Rd2 19. Nd1 Bd4 20. Rxb7
Bb6 21. Ne3 Nf4 22. Ng4 Kg7 23. e5 h5 24. Ne3 Bxe3 25. fxe3 Nh3+ 26. Kh1 Nf2+
27. Kg1 Nh3+ 28. Kh1 Nf2+ 29. Kg1 Nd1 30. Re1 Nb2 31. Rc1 Nxc4 32. Rxc4 Re8 33.
Rf4 Rxa2 34. Rfxf7+ Kh8 35. e6 c5 36. Rh7+ Kg8 37. Rbg7+ Kf8 38. e7+ 1-0

[Event "Reykjavik Open 2009"]
[Site "Reykjavik"]
[Date "2009.03.28"]
[Round "5.40"]
[White "Bjornsson, Tomas"]
[Black "Magnusson, Patrekur Maron"]
[Result "1-0"]
[WhiteElo "2173"]
[BlackElo "1902"]
[PlyCount "47"]
[EventDate "2009.03.24"]

1. d4 d5 2. c4 c6 3. Nf3 Nf6 4. Nc3 dxc4 5. a4 Bf5 6. e3 e6 7. Bxc4 Bb4 8. O-O
O-O 9. Qe2 Bg4 10. h3 Bh5 11. Rd1 Nbd7 12. e4 Bxf3 13. Qxf3 e5 14. d5 Qe7 15.
dxc6 bxc6 16. Ne2 Rfd8 17. Ng3 g6 18. Bh6 Qe8 19. Nf5 Nb6 20. Bg5 Bf8 21. Rxd8
Qxd8 22. Rd1 Qc7 23. Bb3 Ne8 24. Ne7+ 1-0

[Event "Reykjavik Open 2009"]
[Site "Reykjavik"]
[Date "2009.03.28"]
[Round "5.41"]
[White "Brynjarsson, Helgi"]
[Black "Asgeirsson, Heimir"]
[Result "0-1"]
[WhiteElo "1949"]
[BlackElo "2171"]
[PlyCount "72"]
[EventDate "2009.03.24"]

1. e4 c5 2. Nc3 Nc6 3. f4 g6 4. Nf3 Bg7 5. d3 d6 6. h3 Nf6 7. g4 Qa5 8. Bd2 b5
9. Nd5 b4 10. Ne3 O-O 11. c3 Ba6 12. Be2 Rab8 13. Kf2 c4 14. Qc2 cxd3 15. Bxd3
Bxd3 16. Qxd3 bxc3 17. Bxc3 Nb4 18. Qb1 Qa6 19. Rd1 Qb7 20. Rd4 Na6 21. Rc4
Rfc8 22. Rxc8+ Rxc8 23. Nd2 Nc5 24. Bxf6 Bxf6 25. Qc2 Qxb2 26. Qxb2 Bxb2 27.
Nd5 Kf8 28. Rb1 Na4 29. Ne3 Bd4 30. Rb7 Rc3 31. Ndf1 Nc5 32. Rb8+ Kg7 33. Kf3
Ra3 34. g5 h6 35. h4 hxg5 36. fxg5 Rxa2 0-1

[Event "Reykjavik Open 2009"]
[Site "Reykjavik"]
[Date "2009.03.28"]
[Round "5.42"]
[White "Ostling, Hakan"]
[Black "Eiriksson, Vikingur Fjalar"]
[Result "1-0"]
[WhiteElo "2151"]
[BlackElo "1882"]
[PlyCount "83"]
[EventDate "2009.03.24"]

1. g3 g6 2. Bg2 Bg7 3. f4 d5 4. Nf3 Nf6 5. d3 c5 6. O-O O-O 7. c3 Nc6 8. Qc2
Re8 9. e4 e5 10. fxe5 Nxe5 11. Nxe5 Rxe5 12. Bf4 Re8 13. Na3 dxe4 14. dxe4 Qe7
15. Rae1 Nh5 16. Be3 Be6 17. Qf2 Rac8 18. c4 b6 19. Qc2 Rcd8 20. Bf3 Nf6 21.
Bg5 h6 22. Bf4 Nh7 23. Bg2 Ng5 24. Bc1 Bg4 25. Nb5 Qd7 26. h4 Ne6 27. Kh2 Nd4
28. Nxd4 Qxd4 29. b3 Qd6 30. Qf2 Re7 31. e5 Qd4 32. Be3 Qd3 33. Bd5 Qf5 34. Qd2
Qh5 35. Bxf7+ Rxf7 36. Qxd8+ Rf8 37. Qd5+ Kh7 38. Rxf8 Bxf8 39. Qf7+ Bg7 40. e6
Bf5 41. e7 Qg4 42. Bf4 1-0

[Event "Reykjavik Open 2009"]
[Site "Reykjavik"]
[Date "2009.03.28"]
[Round "5.44"]
[White "Gudmundsson, Stefan Freyr"]
[Black "Gudmundsdottir, Geirthrudur Ann"]
[Result "1/2-1/2"]
[WhiteElo "2092"]
[BlackElo "1775"]
[PlyCount "88"]
[EventDate "2009.03.24"]

1. e4 e6 2. Nc3 d5 3. g3 dxe4 4. Nxe4 Nd7 5. Bg2 Ngf6 6. Nxf6+ Nxf6 7. d4 c5 8.
Ne2 Be7 9. O-O O-O 10. c3 h6 11. Qc2 Qb6 12. dxc5 Bxc5 13. b4 Bd6 14. Be3 Qc7
15. a3 a5 16. Nd4 Bd7 17. Qe2 Nd5 18. Bxd5 exd5 19. Qh5 Qxc3 20. Rfc1 Qd3 21.
Qxd5 Qg6 22. Qxb7 Rfd8 23. Nc6 Bxc6 24. Rxc6 Rdb8 25. Qd7 Rd8 26. Qh3 axb4 27.
Bb6 Re8 28. Rd1 Re6 29. axb4 Rae8 30. Be3 Bxb4 31. Rxe6 Qxe6 32. Qh4 Be7 33.
Qa4 Bf6 34. Rb1 Rd8 35. Rc1 Qd7 36. Qe4 Qd5 37. Qg4 Qd7 38. Qf3 Qd5 39. Kg2 Kh7
40. Qxd5 Rxd5 41. Rc7 Kg6 42. g4 Bd4 43. Bc1 Rc5 44. Rxc5 Bxc5 1/2-1/2

[Event "Reykjavik Open 2009"]
[Site "Reykjavik"]
[Date "2009.03.28"]
[Round "5.45"]
[White "Moskow, Eric"]
[Black "Sigurjonsson, Siguringi"]
[Result "1/2-1/2"]
[WhiteElo "2225"]
[BlackElo "1904"]
[PlyCount "142"]
[EventDate "2009.03.24"]

1. Nf3 d6 2. c4 e5 3. Nc3 f5 4. d3 Nf6 5. g3 c6 6. Bg2 Be7 7. O-O O-O 8. Rb1 a5
9. a3 Qe8 10. Qc2 Qh5 11. c5 Kh8 12. cxd6 Bxd6 13. Bg5 Be6 14. Bxf6 Rxf6 15. e4
Nd7 16. exf5 Bxf5 17. Nh4 Nc5 18. Nxf5 Qxf5 19. Ne4 Nxe4 20. Bxe4 Qh5 21. Kg2
Raf8 22. f3 Qg5 23. Qc1 Qh5 24. Qe3 Qf7 25. Qb6 Qc7 26. Qxc7 Bxc7 27. b4 axb4
28. axb4 Rb8 29. Rfc1 Bb6 30. b5 c5 31. Ra1 g6 32. Ra4 Kg7 33. h4 h5 34. Rca1
Rff8 35. Re1 Rfe8 36. Bd5 Re7 37. Rae4 Rbe8 38. Ra1 Rd8 39. Bc4 Rde8 40. Kf2
Bc7 41. g4 b6 42. Rg1 Kh6 43. Ra1 Rd8 44. Ra7 Rd4 45. Ke3 g5 46. hxg5+ Kxg5 47.
gxh5 Kxh5 48. Ra2 Kg5 49. Rh2 Kf6 50. Reh4 Rxh4 51. Rxh4 Kg5 52. Rg4+ Kf5 53.
Rg8 Rd7 54. Rf8+ Kg6 55. Re8 Kf6 56. Re6+ Kg7 57. Rc6 Kf8 58. Ke4 Kg7 59. Kf5
Kf8 60. Re6 Rd4 61. Rg6 Ke7 62. Rg7+ Kd8 63. Rg4 Ke7 64. Rg7+ Kd8 65. Kf6 Kc8
66. Rg8+ Kb7 67. Ke6 Rd6+ 68. Ke7 Rd4 69. Be6 Bd6+ 70. Kd7 Bc7+ 71. Ke7 Bd6+
1/2-1/2

[Event "Reykjavik Open 2009"]
[Site "Reykjavik"]
[Date "2009.03.28"]
[Round "5.47"]
[White "Einarsson, Einar Kristinn"]
[Black "Johannsdottir, Johanna Bjorg"]
[Result "1-0"]
[WhiteElo "2065"]
[BlackElo "1724"]
[PlyCount "53"]
[EventDate "2009.03.24"]

1. e4 c5 2. d4 cxd4 3. c3 d3 4. Bxd3 Nc6 5. Nf3 d6 6. h3 Nf6 7. Bg5 e6 8. Nbd2
Be7 9. Qc2 a6 10. a4 b6 11. O-O Bb7 12. Rad1 Rc8 13. Nc4 Qc7 14. Bxf6 Bxf6 15.
Rfe1 Rb8 16. Nxd6+ Qxd6 17. e5 Qe7 18. exf6 Qxf6 19. Qb3 Bc8 20. Be4 Bd7 21.
Rxd7 Kxd7 22. Rd1+ Ke8 23. Bxc6+ Kf8 24. Qb4+ Kg8 25. Qd6 Rf8 26. Ne5 Qg5 27.
Nd7 1-0

[Event "Reykjavik Open 2009"]
[Site "Reykjavik"]
[Date "2009.03.28"]
[Round "5.49"]
[White "Gudmundsson, Kjartan"]
[Black "Finnbogadottir, Tinna Kristin"]
[Result "1/2-1/2"]
[WhiteElo "2009"]
[BlackElo "1660"]
[PlyCount "133"]
[EventDate "2009.03.24"]

1. e4 c5 2. Nc3 g6 3. g3 Bg7 4. Bg2 Nf6 5. d3 O-O 6. f4 Nc6 7. Nf3 a6 8. a4 d6
9. O-O e6 10. Ne2 Ne8 11. c3 Nc7 12. Be3 Rb8 13. g4 f5 14. gxf5 exf5 15. Ng3 b6
16. exf5 gxf5 17. d4 Ne7 18. Nh5 Bh6 19. Ng5 Qe8 20. dxc5 bxc5 21. Qxd6 Qxh5
22. Qxe7 Bxg5 23. Qxc7 Rxb2 24. fxg5 Rxg2+ 25. Kxg2 Qe2+ 26. Rf2 Qxe3 27. Qf4
Bb7+ 28. Kg1 Qxc3 29. Rc1 Qa5 30. Rb2 Be4 31. Qe5 Qxa4 32. Qxc5 Qd7 33. Qc4+
Kh8 34. Qc3+ Kg8 35. h4 f4 36. Qc4+ Bd5 37. Qe2 f3 38. Qf2 Qg4+ 39. Kh1 Re8 40.
Rd2 Qh3+ 41. Kg1 Re2 42. Rxe2 fxe2 43. Qxe2 Qh1+ 44. Kf2 Qxc1 45. Qe8+ Kg7 46.
Qd7+ Bf7 47. Qd4+ Kf8 48. Qd8+ Be8 49. Qd6+ Kg8 50. Qd5+ Kg7 51. Qe5+ Kf7 52.
Qf5+ Kg8 53. Qd5+ Kf8 54. Qd6+ Kf7 55. Qd5+ Ke7 56. Qe4+ Kd8 57. Qxh7 Qc5+ 58.
Ke1 Qe7+ 59. Qxe7+ Kxe7 60. Kd2 a5 61. Kc3 Kf7 62. h5 Kg7 63. Kb3 Kf7 64. Ka3
Ke6 65. g6 Kf6 66. Kb3 Bxg6 67. hxg6 1/2-1/2

[Event "Reykjavik Open 2009"]
[Site "Reykjavik"]
[Date "2009.03.28"]
[Round "5.50"]
[White "Helgadottir, Sigridur Bjorg"]
[Black "Filosof, Asi"]
[Result "0-1"]
[WhiteElo "1646"]
[BlackElo "1986"]
[PlyCount "60"]
[EventDate "2009.03.24"]

1. c4 Nf6 2. Nc3 g6 3. e4 d6 4. d4 Bg7 5. f3 O-O 6. Nge2 c5 7. d5 e6 8. Ng3
exd5 9. cxd5 Re8 10. Be2 Na6 11. Bxa6 bxa6 12. Be3 Rb8 13. Qd2 Rb4 14. Rc1 Qb6
15. b3 Bd7 16. Nb1 h5 17. O-O Bb5 18. Qxb4 cxb4 19. Bxb6 Bxf1 20. Nxf1 axb6 21.
Rc6 Nxd5 22. Rxd6 Nc3 23. Nfd2 Rc8 24. Kf2 Nxb1 25. Nxb1 Rc2+ 26. Nd2 Bh6 27.
Ke2 Rxa2 28. g3 Bxd2 29. Rxd2 Rxd2+ 30. Kxd2 b5 0-1

[Event "Reykjavik Open 2009"]
[Site "Reykjavik"]
[Date "2009.03.28"]
[Round "5.52"]
[White "Ingason, Sigurdur"]
[Black "Gardarsson, Hordur"]
[Result "1/2-1/2"]
[WhiteElo "1949"]
[BlackElo "1951"]
[PlyCount "60"]
[EventDate "2009.03.24"]

1. d4 d5 2. Nf3 Nf6 3. e3 Bf5 4. c4 e6 5. Qb3 Qc8 6. Nc3 c6 7. Be2 Nbd7 8. O-O
Bd6 9. Nh4 Bg6 10. f4 Be4 11. Bd2 Rb8 12. Qd1 Qd8 13. Qe1 O-O 14. Nf3 Bxf3 15.
Rxf3 Re8 16. Bd3 g6 17. e4 dxe4 18. Nxe4 Nxe4 19. Qxe4 Nf6 20. Qe1 Bf8 21. Bc3
Bg7 22. Rd1 b5 23. b3 a6 24. Bc2 Rb7 25. Rfd3 Rd7 26. Ba5 Qa8 27. R1d2 Qb8 28.
Qe5 Qa8 29. Qe1 Qb8 30. Qe5 Qa8 1/2-1/2

[Event "Reykjavik Open 2009"]
[Site "Reykjavik"]
[Date "2009.03.30"]
[Round "7.2"]
[White "Marin, Mihail"]
[Black "Vocaturo, Daniele"]
[Result "1/2-1/2"]
[WhiteElo "2556"]
[BlackElo "2445"]
[PlyCount "39"]
[EventDate "2009.03.24"]

1. c4 c5 2. g3 g6 3. Bg2 Bg7 4. Nc3 Nc6 5. Nf3 Nf6 6. O-O O-O 7. d4 cxd4 8.
Nxd4 Nxd4 9. Qxd4 d6 10. Bg5 Be6 11. Qf4 Qa5 12. Rac1 Rab8 13. b3 Rfc8 14. Qd2
a6 15. Be3 Bd7 16. Ba7 Ra8 17. Bd4 Rab8 18. Ba7 Ra8 19. Bd4 Rab8 20. Ba7
1/2-1/2

[Event "Reykjavik Open 2009"]
[Site "Reykjavik"]
[Date "2009.03.30"]
[Round "7.4"]
[White "Steingrimsson, Hedinn"]
[Black "Hillarp Persson, Tiger"]
[Result "1/2-1/2"]
[WhiteElo "2547"]
[BlackElo "2586"]
[PlyCount "130"]
[EventDate "2009.03.24"]

1. d4 Nf6 2. c4 g6 3. Nc3 Bg7 4. e4 d6 5. Be2 O-O 6. Nf3 e5 7. O-O Nc6 8. d5
Ne7 9. b4 Ne8 10. a4 f5 11. a5 Nf6 12. Ng5 h6 13. Ne6 Bxe6 14. dxe6 fxe4 15. b5
Nf5 16. Nd5 Kh7 17. Be3 c6 18. Nxf6+ Qxf6 19. a6 b6 20. bxc6 Nd4 21. Bg4 h5 22.
Bh3 Qh4 23. Re1 Rfc8 24. e7 Rc7 25. Bd7 Qxe7 26. Bxd4 exd4 27. Qd3 d5 28. Qg3
Be5 29. f4 Bd6 30. cxd5 Rf8 31. Rf1 d3 32. Rad1 Rxd7 33. cxd7 Qxd7 34. Kh1 Qf5
35. Rfe1 Qxd5 36. Qh4 Qf5 37. h3 Bc5 38. g4 Qxf4 39. Rf1 Qxf1+ 40. Rxf1 Rxf1+
41. Kg2 Rf2+ 42. Kg3 d2 43. Qd8 Rf3+ 44. Kg2 Rf2+ 45. Kg3 Rf3+ 46. Kg2 hxg4 47.
Qd7+ Kh6 48. Qxd2+ Be3 49. Qd8 gxh3+ 50. Kh1 Kh5 51. Qd5+ g5 52. Qxe4 g4 53.
Qe8+ Kh4 54. Qh8+ Kg5 55. Qe5+ Kg6 56. Qe6+ Kh5 57. Qe8+ Kh4 58. Qh8+ Kg3 59.
Qxh3+ Kf4 60. Qh6+ Ke4 61. Qh7+ Kf4 62. Qc7+ Kg5 63. Qg7+ Kf4 64. Qc7+ Kg5 65.
Qg7+ Kf4 1/2-1/2

[Event "Reykjavik Open 2009"]
[Site "Reykjavik"]
[Date "2009.03.30"]
[Round "7.7"]
[White "Oleksienko, Mikhailo"]
[Black "Breder, Dennis"]
[Result "1/2-1/2"]
[WhiteElo "2550"]
[BlackElo "2427"]
[PlyCount "74"]
[EventDate "2009.03.24"]

1. e4 e6 2. d4 d5 3. Nd2 c5 4. exd5 Qxd5 5. dxc5 Bxc5 6. Ngf3 Nf6 7. Bc4 Qc6 8.
O-O Nbd7 9. Qe2 a6 10. Nb3 b5 11. Bd3 O-O 12. Bg5 Be7 13. Rfe1 Re8 14. Rac1 h6
15. Bd2 Qb6 16. c4 bxc4 17. Rxc4 Bb7 18. Be3 Qd6 19. Bf4 Qb6 20. Bc7 Qa7 21.
Nfd4 Rac8 22. Rec1 Bf8 23. Bg3 Rxc4 24. Rxc4 Qa8 25. Nf3 e5 26. Bf5 e4 27. Nfd4
Ne5 28. Bxe5 Rxe5 29. g3 Re8 30. Bh3 g6 31. Rc1 Bd5 32. a3 h5 33. Nc5 e3 34.
fxe3 Bh6 35. Rc3 Ng4 36. Bxg4 hxg4 37. Kf1 Qd8 1/2-1/2

[Event "Reykjavik Open 2009"]
[Site "Reykjavik"]
[Date "2009.03.30"]
[Round "7.8"]
[White "Leon Hoyos, Manuel"]
[Black "Caspi, Israel"]
[Result "1/2-1/2"]
[WhiteElo "2542"]
[BlackElo "2402"]
[PlyCount "86"]
[EventDate "2009.03.24"]

1. g3 g6 2. e4 c5 3. Bg2 Bg7 4. Ne2 Nc6 5. O-O d6 6. Na3 e5 7. c3 Nge7 8. Nc2
O-O 9. d4 cxd4 10. cxd4 exd4 11. Nexd4 Nxd4 12. Nxd4 d5 13. exd5 Nxd5 14. Nb3
Nb4 15. Qxd8 Rxd8 16. Bg5 Re8 17. Rae1 Be6 18. Bxb7 Rab8 19. Nc5 Bxa2 20. Nd7
Nd3 21. Re4 Rxe4 22. Bxe4 Rb5 23. h4 Nxb2 24. Rc1 Bc4 25. Bc6 Rf5 26. Be3 h5
27. Bxa7 Be6 28. Be3 Nc4 29. Bf4 Ra5 30. Rb1 Ra1 31. Rxa1 Bxa1 32. Nc5 Bf5 33.
Bd5 Nb6 34. Bb3 Kg7 35. Nb7 Be4 36. Nd6 Bd5 37. Bc2 Be6 38. Be3 Nc4 39. Ne8+
Kf8 40. Nc7 Nxe3 41. Nxe6+ Ke7 42. fxe3 Kxe6 43. Kf2 Ke5 1/2-1/2

[Event "Reykjavik Open 2009"]
[Site "Reykjavik"]
[Date "2009.03.30"]
[Round "7.9"]
[White "Conquest, Stuart C"]
[Black "Popovic, Milos T"]
[Result "1/2-1/2"]
[WhiteElo "2531"]
[BlackElo "2400"]
[PlyCount "152"]
[EventDate "2009.03.24"]

1. e4 c5 2. Nf3 Nc6 3. d4 cxd4 4. Nxd4 g6 5. c4 Bg7 6. Nc2 Nf6 7. Nc3 d6 8. Be2
O-O 9. O-O Nd7 10. Bd2 Nd4 11. Nxd4 Bxd4 12. Bh6 Bg7 13. Bxg7 Kxg7 14. Qd4+ Kg8
15. Rad1 Re8 16. Kh1 Qb6 17. Qd2 Nc5 18. Nd5 Qd8 19. e5 Be6 20. f4 Bxd5 21.
Qxd5 Qb6 22. f5 e6 23. fxe6 fxe6 24. Qd4 dxe5 25. Qxe5 Rad8 26. h4 Nd7 27. Qc3
Qc5 28. Bg4 Qe7 29. g3 Nf8 30. Qe3 b6 31. Kh2 Rd7 32. b3 Red8 33. Rxd7 Rxd7 34.
Kh3 Qe8 35. Rf6 Re7 36. Qe4 Kg7 37. Qe5 Kg8 38. h5 Qc6 39. Bf3 Qe8 40. Bg4 Qc6
41. Rf1 Rf7 42. h6 Qc5 43. Qxc5 bxc5 44. Re1 Kh8 45. Re5 Rc7 46. Re2 Rc6 47.
Bf3 Rd6 48. Bg4 Kg8 49. Kg2 Kf7 50. Rf2+ Ke7 51. Bf3 a5 52. Be4 Rd4 53. Re2 Rd1
54. Kf2 Kf6 55. Ke3 Rg1 56. Rf2+ Ke7 57. Kf4 Rd1 58. Bc6 Rd6 59. Bb5 Rd4+ 60.
Ke3 Rg4 61. Rf3 Rg5 62. a3 Rh5 63. b4 cxb4 64. axb4 axb4 65. Kd4 Rxh6 66. c5
Rh5 67. Kc4 Rf5 68. Rb3 g5 69. Kxb4 Nd7 70. Rc3 Nxc5 71. Rxc5 Rxc5 72. Kxc5 g4
73. Kd4 Kf6 74. Be8 Kg5 75. Ke5 h5 76. Bxh5 Kxh5 1/2-1/2

[Event "Reykjavik Open 2009"]
[Site "Reykjavik"]
[Date "2009.03.30"]
[Round "7.10"]
[White "Williams, Simon K"]
[Black "Meszaros, Michal"]
[Result "0-1"]
[WhiteElo "2507"]
[BlackElo "2376"]
[PlyCount "82"]
[EventDate "2009.03.24"]

1. d4 Nf6 2. c4 g6 3. h4 Bg7 4. Nc3 d6 5. e4 O-O 6. Be2 c5 7. d5 e6 8. h5 exd5
9. hxg6 hxg6 10. exd5 Re8 11. Bg5 Qb6 12. Na4 Qc7 13. f3 a6 14. Nc3 b5 15. Qd2
Nbd7 16. g4 b4 17. Nd1 Ne5 18. Kf1 Nh7 19. Bh6 Bh8 20. Ne3 Qe7 21. Nh3 Qf6 22.
f4 g5 23. Kg2 Ng6 24. Bd3 Qxb2 25. Qxb2 Bxb2 26. Rae1 Bg7 27. Bxg7 Kxg7 28.
fxg5 Nxg5 29. Nxg5 Nf4+ 30. Kf3 Nxd3 31. Rh7+ Kg6 32. Reh1 Kxg5 33. R7h6 Ne5+
34. Kg3 Ng6 35. Nf5 Bxf5 36. R1h5+ Kf6 37. gxf5 Re3+ 38. Kf2 Rae8 39. fxg6 fxg6
40. Rh1 Re2+ 41. Kg3 Kg5 0-1